ADAPTIVE INPUT AMPLIFIER OF IDENTIFICATION SYSTEM

Bibliographic Details
Main Authors: Ostrovský, Milan (Author), Šuriansky, Jozef, 1954- (Author)
Format: Article
Language:English
ISBN:8071006041
Subjects:

MARC

LEADER 00000naa a2200000 a 4500
001 vtls011846389
003 SK-MaSNL
005 20260302133505.0
008 210910|1999 xo |||||||||||||||||eng|
015 |a SNBCL 
035 |a (urnnbn)urn:nbn:sk:snk:ar-008qq2 
035 |a urn:nbn:sk:snk-aaw2h4 
035 |a (uuid)fbc8ff07-60f5-4881-8b63-5a9487efc284 
040 |a SNKBUCL  |b slo  |c SNKBUCL  |e AACR2 
041 |a eng 
044 |a xo  |c SK 
100 1 |a Ostrovský, Milan  |4 aut  |9 13004 
245 1 0 |a ADAPTIVE INPUT AMPLIFIER OF IDENTIFICATION SYSTEM  |c Milan Ostrovský, Jozef Šuriansky 
336 |a text  |b txt  |c rdacontent 
337 |a bez média  |b n  |c rdamedia 
338 |a zväzok  |b nc  |c rdacarrier 
655 7 |a články zo zborníkov  |2 snkbucl  |9 166140 
700 1 |a Šuriansky, Jozef,  |d 1954-  |4 aut  |9 205315 
773 0 |t ELEKTRO '99  |d Žilina : University of Žilina, 1999  |g S. [25]-28  |z 8071006041 
958 |a OND 
958 |a article26 
958 |a chapter 
999 |c 1317043  |d 1318973